ARRUPE JESUIT UNIVERSITY

CORONAVIRUS -STOP THE SPREAD - CLEAN,DISINFECT,COVER

What are the theologians saying now? : (Record no. 118079)

MARC details
000 -LEADER
fixed length control field 00820cam a2200265 a 4500
001 - CONTROL NUMBER
control field 4480003
003 - CONTROL NUMBER IDENTIFIER
control field ARRUPE
005 - DATE AND TIME OF LATEST TRANSACTION
control field 20130926123915.0
008 - FIXED-LENGTH DATA ELEMENTS--GENERAL INFORMATION
fixed length control field 930208s1992 mdu b 001 0 eng d
010 ## - LIBRARY OF CONGRESS CONTROL NUMBER
LC control number 92074852
020 ## - INTERNATIONAL STANDARD BOOK NUMBER
International Standard Book Number 0870611941 :
035 ## - SYSTEM CONTROL NUMBER
System control number (OCoLC)27244997
035 ## - SYSTEM CONTROL NUMBER
System control number (OCoLC)ocm27244997
035 ## - SYSTEM CONTROL NUMBER
System control number (NNC)4480003
040 ## - CATALOGING SOURCE
Original cataloging agency NNUT
Transcribing agency NNUT
050 ## - LIBRARY OF CONGRESS CALL NUMBER
Classification number BX1754
Item number .H4541992
300 ## - PHYSICAL DESCRIPTION
Dimensions 21 cm.
100 1# - MAIN ENTRY--PERSONAL NAME
Personal name Hellwig, Monika.
9 (RLIN) 1386
245 10 - TITLE STATEMENT
Title What are the theologians saying now? :
Remainder of title a retrospective on several decades /
Statement of responsibility, etc Monika K. Hellwig.
260 ## - PUBLICATION, DISTRIBUTION, ETC. (IMPRINT)
Place of publication, distribution, etc Westminster, MD :
Name of publisher, distributor, etc Christian Classics,
Date of publication, distribution, etc 1992.
300 ## - PHYSICAL DESCRIPTION
Extent xvii, 170 p. ;
504 ## - BIBLIOGRAPHY, ETC. NOTE
Bibliography, etc Includes bibliographical references (p. 164-165) and index.
610 20 - SUBJECT ADDED ENTRY--CORPORATE NAME
Corporate name or jurisdiction name as entry element Catholic Church
General subdivision Doctrines.
9 (RLIN) 1387
942 ## - ADDED ENTRY ELEMENTS (KOHA)
Source of classification or shelving scheme Library of Congress Classification
Koha item type Monograph ( Printed materials)
Holdings
Withdrawn status Lost status Source of classification or shelving scheme Damaged status Not for loan Home library Current library Shelving location Date acquired Total Checkouts Full call number Barcode Date last seen Price effective from Koha item type
    Library of Congress Classification     ARRUPE LIBRARY ARRUPE LIBRARY Main Collection 26/09/2013   BX1754 .H4541992 46410062 22/11/2017 26/09/2013 Monograph ( Printed materials)

 

Arrupe Library. PO Box MP320 Mt Pleasant, Harare, Zimbabwe
263 242 745411|librarian@aju.ac.zw